000 01455nam a2200385Ia 4500
001 dia_5028
003 CHAP
005 20240621182747.0
007 ta
008 220117s2012 mx o fr 001 0 spa d
040 _cCHAP
_amxchpua
_erda
090 _aV.C.1
_bS83
_c2012
245 1 0 _aSistema de producción de hortalizas : reporte de viaje Zacatecas /
_ccoordinador Carlos Suárez Espinosa ; colaboradores Hugo Fernando Amaro Vidal...[y otros]
260 _aChapingo, México :
_bEl autor,
_c2012
300 _acerca 30 hojas :
_bfotos
336 _2rdacontent
_atexto
_btxt
337 _2rdamedia
_ano mediado
_bn
338 _2rdacarrier
_avolumen
_bnc
500 _a6° año Grupo 2
502 _aViaje de estudios
_b(Viaje Corto) --
_cUACh. Departamento de Ingeniería Agroindustrial,
_d2012
504 _aIncluye bibliografía
505 _aEmpresas visitadas: --
_t1. Sociedad Agrícola Zac-Son -- 2. Agroquímicos y fertilizantes de Zacatecas Agroferza, S. A. de C. V.
650 1 3 _aCultivo de hortalizas
_x
_9157371
650 1 3 _aVerduras
_9150530
650 1 3 _aVegetable growing
_9157372
650 1 3 _aVegetables
_9151808
700 1 _aSuárez Espinosa, Carlos
_9151362
_ecoordinador
700 1 _aAmaro Vidal, Hugo Fernando
_9151428
_ecolaborador
901 _aV.C.1 S83 2012
902 _aM
905 _a5232272012 mx d 8223223322spa16
942 _2local
942 _cVE
999 _c175851
_d175851